पुनर्जन्म मीमांसा (Record no. 1234477)

MARC details
000 -LEADER
fixed length control field 00709nam a2200229Ia 4500
003 - CONTROL NUMBER IDENTIFIER
control field OSt
005 - DATE AND TIME OF LATEST TRANSACTION
control field 20250220151355.0
008 - FIXED-LENGTH DATA ELEMENTS--GENERAL INFORMATION
fixed length control field 008 250107s9999 xx 000 0 hin d
020 ## - INTERNATIONAL STANDARD BOOK NUMBER
International Standard Book Number 978-8122316674
037 ## - SOURCE OF ACQUISITION
Stock number TB
040 ## - CATALOGING SOURCE
Original cataloging agency CRL
Language of cataloging hin
Transcribing agency CRL
041 ## - LANGUAGE CODE
Language code of text/sound track or separate title hin
Source of code hin
084 ## - COLON CLASSIFICATION NUMBER
Classification number Δ2:3 N8
084 ## - COLON CLASSIFICATION NUMBER
Assigning agency CRL
100 ## - MAIN ENTRY--PERSONAL NAME
Personal name सिंघल, रंजना रानी
9 (RLIN) 729740
245 #0 - TITLE STATEMENT
Title पुनर्जन्म मीमांसा
Statement of responsibility, etc. by सिंघल, रंजना रानी
260 ## - PUBLICATION, DISTRIBUTION, ETC.
Place of publication, distribution, etc. नई दिल्ली, भारत
Name of publisher, distributor, etc. पुस्तक महल
300 ## - PHYSICAL DESCRIPTION
Extent 211पृ0
365 ## - TRADE PRICE
Price type code INR
Price amount 0
942 ## - ADDED ENTRY ELEMENTS (KOHA)
Koha item type Textbook
Classification part Δ2:3 N8
Source of classification or shelving scheme Colon Classification (CC)
Suppress in OPAC No
Holdings
Withdrawn status Lost status Damaged status Not for loan Home library Current library Date acquired Source of acquisition Total Checkouts Full call number Barcode Date last seen Price effective from Koha item type
        Central Library Central Library 2025-01-08 Gift, 02/09/2022,   Q41x1,1 152Q9 CL1698070 2025-01-08 2025-01-08 Textbook
Copyright @ Delhi University Library System